Los Municipios, una oportunidad para la democracia: declaración de la Comisión Social de los Obispos de Francia sobre las elecciones munipales /

Guardat en:
Dades bibliogràfiques
Autor principal: Beranger, Oliver
Altres autors: Obispo de Francia Barbarin, Philippe, Obispo de Francia Pointier, Georges, Obispo de Francia Bonfils, Jean, Obispo de Francia Pollien, Michael, Obispo de Francia Noyer, Jacques
Format: Text
Matèries:
Etiquetes: Afegir etiqueta
Sense etiquetes, Sigues el primer a etiquetar aquest registre!

MARC

LEADER 00000 a a2200000 04500
001 9035
003
040
100 |a Beranger, Oliver  
245 |a Los Municipios, una oportunidad para la democracia:   |b declaración de la Comisión Social de los Obispos de Francia sobre las elecciones munipales /  |c Oliver Beranger 
650 |a GOBIERNO LOCAL  
650 |a DEMOCRACIA  
650 |a POLITICA  
700 |a Obispo de Francia   |a Barbarin, Philippe  
700 |a Obispo de Francia   |a Pointier, Georges  
700 |a Obispo de Francia   |a Bonfils, Jean  
700 |a Obispo de Francia   |a Pollien, Michael  
700 |a Obispo de Francia   |a Noyer, Jacques  
773 |g volumen 10, número 1; páginas 10-13  
999 |c 23664  |d 23664